[Event "Bosnjaci op 16th"]
[Site "Bosnjaci"]
[Date "2011.01.04"]
[Round "2"]
[White "Dusper, Ranko"]
[Black "Armanda, Ivica"]
[Result "0-1"]
[WhiteElo "2135"]
[BlackElo "2375"]
[PlyCount "98"]
[EventDate "2011.01.03"]
[EventType "swiss"]
[EventRounds "9"]
[EventCountry "CRO"]
[SourceTitle "CBM 140 Extra"]
[Source "ChessBase"]
[SourceDate "2011.03.01"]
[SourceVersion "1"]
[SourceVersionDate "2011.03.01"]
[SourceQuality "1"]

1. d4 Nf6 2. c4 g6 3. Nc3 Bg7 4. e4 d6 5. Nf3 0-0 6. Be2 e5 7. 0-0 Nc6 8. d5 Ne7 9. Ne1 Nd7 10. Nd3 f5 11. Bd2 Nf6 12. f3 f4 13. b4 g5 14. c5 h5 15. Nf2 Ng6 16. Rc1 Rf7 17. h3 Nh4 18. Be1 Bf8 19. Nd3 Rg7 20. Bxh4 gxh4 21. Kf2 Nh7 22. Rh1 Kh8 23. Bf1 Qg5 24. Ke2 Nf6 25. Qe1 Bd7 26. Qf2 a6 27. Rc2 Be8 28. Kd1 Nd7 29. Kc1 Qe7 30. Nb1 a5 31. a3 axb4 32. axb4 Nb8 33. Nb2 Na6 34. Bxa6 Rxa6 35. Qe2 dxc5 36. bxc5 Ra5 37. c6 bxc6 38. dxc6 Rc5 39. Nd3 Rxc6 40. Rxc6 Bxc6 41. Qb2 Rg5 42. Rd1 Qg7 43. Rd2 Bd6 44. Na3 Kh7 45. Nc4 Bd7 46. Rc2 Ba4 47. Rd2 Qe7 48. Qb7 Rg7 49. Rb2 Ba3 0-1